The mathematics of money : math for business and personal finance decisions

Gespeichert in:
Bibliographische Detailangaben
1. Verfasser: Biehler, Timothy J
Format: Buch
Veröffentlicht: McGraw-Hill/Irwin 2008
Tags: Tag hinzufügen
Keine Tags, Fügen Sie den ersten Tag hinzu!
Thư viện lưu trữ: Mạng thư viện Đại học Đà Nẵng
LEADER 00578nam a2200217 a 4500
001 000029408
003 33233
005 20171030145630.0
008 171030s2008
040 |a LTT 
082 0 |a 332.02  |b BI-T 
100 1 |a Biehler, Timothy J 
245 0 0 |a The mathematics of money : math for business and personal finance decisions  |c Timothy J. Biehler. 
260 |b McGraw-Hill/Irwin  |c 2008 
OWN |a LTT 
999 |a From the UDN01 
TYP |a Monograph 
TYP |a Printed language 
980 |a Mạng thư viện Đại học Đà Nẵng